Mount Everest (Record no. 6558)

MARC details
000 -CABECERA
campo de control de longitud fija 00667nam a2200217 a 4500
001 - NÚMERO DE CONTROL
campo de control BRCA_6876
005 - FECHA Y HORA DE LA ÚLTIMA TRANSACCIÓN
campo de control 20190320205627.0
008 - DATOS DE LONGITUD FIJA--INFORMACIÓN GENERAL
campo de control de longitud fija 111111s1923----gw-ab#####---#000-0#ger-#
041 ## - CÓDIGO DE LENGUA
Código de lengua del texto/banda sonora o título independiente ger
044 ## - CÓDIGO DEL PAÍS DE LA ENTIDAD EDITORA/PRODUCTORA
Código MARC del país gw
050 #4 - SIGNATURA TOPOGRÁFICA DE LA BIBLIOTECA DEL CONGRESO
Número de clasificación DS486 E8
Número de documento/Ítem .H43
245 10 - MENCIÓN DE TÍTULO
Título Mount Everest
Resto del título Mount Everest : mit 8 Künstlersteinzeichnungen von Georg Baus, einer Austiegskizze, 9 karten und 3 profilen
Mención de responsabilidad, etc. Sven Hedin
260 ## - PUBLICACIÓN, DISTRIBUCIÓN, ETC.
Lugar de publicación, distribución, etc. Leipzig, Alemania
Nombre del editor, distribuidor, etc. F. A. Brockhaus
Fecha de publicación, distribución, etc. 1923
300 ## - DESCRIPCIÓN FÍSICA
Extensión 194 p.
Otras características físicas il., mapas
Dimensiones 20 cm.
500 ## - NOTA GENERAL
Nota general O68
650 14 - PUNTO DE ACCESO ADICIONAL DE MATERIA--TÉRMINO DE MATERIA
Término de materia o nombre geográfico como elemento de entrada Everest, Monte
Subdivisión general Expediciones
9 (RLIN) 17130
650 14 - PUNTO DE ACCESO ADICIONAL DE MATERIA--TÉRMINO DE MATERIA
Término de materia o nombre geográfico como elemento de entrada Alpinismo
9 (RLIN) 16779
700 1# - PUNTO DE ACCESO ADICIONAL--NOMBRE DE PERSONA
Nombre de persona Baus, Georg
Término indicativo de función/relación il.
9 (RLIN) 17131
902 ## - CATALOGADOR
Iniciales GFM
942 ## - ELEMENTOS DE PUNTO DE ACCESO ADICIONAL (KOHA)
Fuente del sistema de clasificación o colocación Library of Congress Classification
Tipo de ítem Koha Libros
Holdings
Estado de retiro Estado de pérdida Estado dañado No para préstamo Localización permanente Ubicación/localización actual Fecha de adquisición Número de inventario Total de préstamos Signatura topográfica completa Código de barras Fecha visto por última vez Precio válido a partir de Tipo de ítem Koha
El ejemplar forma parte de la colección y puede ser consultado según las políticas vigentes.       Biblioteca del Museo Franz Mayer (Rogerio Casas-Alatriste) Biblioteca del Museo Franz Mayer (Rogerio Casas-Alatriste) 11/11/2011 O68   DS486 E8 .H43 (O68) 7323 22/03/2019 22/03/2019 Libros